000 00401nam a2200145 4500
999 _c3298
_d3298
008 200331b ||||| |||| 00| 0 eng d
082 0 0 _a510.2462
_bS9252
100 _91183
_aStroud, K. A.
245 1 0 _aEngineering mathematics, programmes and problems /
_cby K. A Stroud
250 _a2nd ed.
260 _aLondon
_bMacmillan
_c1982
300 _axix, 894 p.
650 0 _aMathematics
942 _2ddc
_cBK